| 000 | 01069nam a22002297a 4500 | ||
|---|---|---|---|
| 005 | 20260305111748.0 | ||
| 008 | 240820b ||||| |||| 00| 0 eng d | ||
| 082 | _aDPer 155.205 J826 October-December 2020 v. 119 n. 4-6 | ||
| 100 |
_aMaschmann, Ira Theresa. _eauthor. _958305 |
||
| 245 |
_aFront in the mouth, front in the word : _bthe driving mechanisms of the in-out effect / _cIra Theresa Maschmann, Lea Boecker, Anita Korner, and Sascha Topolinski. |
||
| 260 |
_aWashington, DC ; _bAmerican Psychological Association , _cOctober 2020. |
||
| 300 |
_aVolume 119, pages 792-807 : _billustration ; _c28 cm. |
||
| 500 | _aJournal of Personality and Social Psychology, vol. 119, no. 4, pages 792-807, October 2020. | ||
| 650 |
_aSocial psychology. _961115 |
||
| 650 |
_aLanguage and languages. _961116 |
||
| 650 |
_aArticulation (Education). _961117 |
||
| 700 |
_aMaschmann, Ira Theresa. _eauthor. _958305 |
||
| 700 |
_aBoecker, Lea. _eauthor. _958306 |
||
| 700 |
_aKorner, Anita. _eauthor. _958307 |
||
| 700 |
_aTopolinski, Sascha. _eauthor. _958308 |
||
| 942 |
_2ddc _cPER |
||
| 999 |
_c20650 _d20650 |
||